| 000 | 01139cam a22003255i 4500 | ||
|---|---|---|---|
| 999 |
_c25561 _d25533 |
||
| 003 | EG-ScBUE | ||
| 005 | 20200209150817.0 | ||
| 008 | 171111t19891989ilua f b 001 0 eng d | ||
| 020 | _a0812359127 | ||
| 040 |
_aEG-ScBUE _beng _erda _cEG-ScBUE _dEG-ScBUE |
||
| 082 | 0 | 4 |
_a808.8 _bMCD _222 |
| 245 | 0 | 0 | _aMcDougal, Littell literature. |
| 264 | 1 |
_aEvanston, Ill. : _bMcDougal Littell & Company, _c[1989] |
|
| 264 | 4 | _cc1989 | |
| 300 |
_avolume 2 : _billustrations ; _c24 cm |
||
| 336 |
_atext _btxt _2rdacontent |
||
| 337 |
_aunmediated _bn _2rdamedia |
||
| 338 |
_avolume _bnc _2rdacarrier |
||
| 504 | _aIncludes bibliographical references and index. | ||
| 505 | 2 | _a[volume. 2] Green level / G. A. Dristle, L. W. Glick. | |
| 650 | 7 |
_aLiterature _xStudy and teaching (Secondary) _2BUEsh |
|
| 650 | 7 |
_aAmerican literature _xStudy and teaching (Secondary) _2BUEsh |
|
| 650 | 7 |
_aEnglish literature _xStudy and teaching (Secondary) _2BUEsh |
|
| 651 | _2BUEsh | ||
| 653 |
_bHHUUEENN _cNovember2017 |
||
| 700 | 1 |
_aGlick, Luann W., _eauthor. |
|
| 700 | 1 |
_aDristle, Gail A., _eauthor. |
|
| 710 | 2 |
_aMcDougal, Littell, _eauthor. |
|
| 942 |
_2ddc _cBB |
||